000 00206 a2200109 4500
020 _a9384056
041 _aspa
100 _aPablo Gilabert
245 _aHerramienta Pedagogica
942 _cBK
952 _71
999 _c24287
_d24287